00781 2200229 4500001002100000005001700021008004100038035002500079040001200104082001200116084001700128100001700145245014500162260006200307300003100369500005200400504002800452650002600480700001500506850001200521990001800533INLIS00000000000899920150805133742.0  a0010-081500000000437 aYOPDYOG 223a610 aSK 610 Tri H aTRI Suryanti aHubungan pengetahuan dengan perilaku tentang caring perawat di ruang rawat inap rumah sakit islam PDHI Yogyakarta tahun 2008c/ Tri Suryanti aYogyakartabSekolah Tinggi Ilmu Kesehatan 'Aisyiyahc2008 axv, 85 lembar. ;c29,5 cm. aTugas Akhir Program Studi Diploma III Kebidanan aBibliografi: hlm. 84-85 aPerawat dan Perawatan aNURYANDARI aYOPDYOG a47308-PD/A.15